banner-ar

القنوات الفضائية ونسق القيم في المجتمع المحلى : (Record no. 62850)

MARC details
000 -الفاتح
حقل البيانات ثابتة الطول 00963nam a22002177a 4500
005 - وقت وتاريخ اخر تعامل مع التسجيلة
رقم الضبط 20240530110610.0
008 - عناصر البيانات ثابتة الطول - معلومات عامة
حقل البيانات ثابتة الطول 160730s2014 ua a g b 00| 0 ara d
017 ## - رقم الايداع القانونى
رقم الايداع القانونى 2013/16883
المصدر ( الهيئة المختصة) مصر. دار الكتب الوطنية
020 ## - الرقم الدولى المعيارى للكتب
الرقم الدولى المعيارى للكتاب 979773832836
040 ## - مصدر الفهرسة
وكالة الفهرسة الأصلية EG-CaGPL
082 04 - رقم تصنيف ديوى العشرى
رقم التصنيف 303.372\
رقم المادة ا ق
رقم الطبعة 21
100 0# - المدخل الرئيسى - إسم شخصى
الإسم الشخصى ايمن على طه حسن
245 12 - بيان العنوان
العنوان القنوات الفضائية ونسق القيم في المجتمع المحلى :
بقية العنوان دراسة ميدانية على عينة من مشاهدي القنوات الفضائية بمدينة بني سويف /
بيان المسئوليه,etc اعداد ايمن على طه حسن.
250 ## - بيان الطبعة
بيان الطبعة ط. 1.
260 ## - PUBLICATION, DISTRIBUTION, ETC. (IMPRINT)
تاريخ النشر أو التوزيع 2014.
300 ## - الوصف المادى
التعداد 279 ص. :
تفاصيل ماديه اخرى للوعاء جداول ؛
أبعاد الوعاء 24 سم.
504 ## - تبصرة ببليوجرافية
تبصرة ببليوجرافية,الخ ببليوجرافية : ص. 263-275
650 #4 - المدخل الاضافى بالموضوع-مصطلح موضوعى
مصطلح موضوعي القنوات الفضائية
942 ## - عناصر المدخل الإضافي( كوها)
مصدر التصنيف او مخطط الترفيف Dewey Decimal Classification
Koha [default] item type كتاب
260 ## - PUBLICATION, DISTRIBUTION, ETC. (IMPRINT)
-- القاهرة :
-- ايتراك للطباعة والنشر والتوزيع،
Holdings
حالة التراجع حالة الفقد حالة تلف ليس للاعارة المكان المؤقت الموقع الحالى موقع الترفيف تاريخ الاكتساب اجمالي اﻻعارات رقم الطلب الباركود تاريخ اخر مشاهدة تاريخ تفعيل السعر نوع وعاء كوها
        مكتبة القاهرة الكبرى مكتبة القاهرة الكبرى القاعة الرئيسية 11/16/2016   303.372\ ا ق 162728 11/16/2016 11/16/2016 كتاب

Powered By

EGPV